000 nam a22 7a 4500
999 _c329447
_d329447
003 Nust
005 20171117163727.0
008 170508b xxu||||| |||| 00| 0 eng d
040 _cNust
041 _hurdu
082 _a928.914391
_bIQB
245 _a1985 mein Allama Iqbal per chapnay waly mazameen ka intekhab /
_cmurattabah Waheed Ishrat
260 _aLahore:
_bIqbal Academy,
_c1989
300 _a616 p.
650 _aIqbaliyat
_981
880 _6100-01\(3\r
_aمحمد اقبال
880 _6245-02\(3\r
_a ۱۹۸۵میں علامہ پر چھپنے والے مضامین کا انتخاب
_cمرتبہ: وحید عشرت
880 _6260-03\(3\r
_aلاہور:
_bاقبال اکادمی،
_c1989
942 _2ddc
_cBK